[Event "WC-2015-P-00002"]
[Site "LSS email"]
[Date "2011.02.20"]
[Round "?"]
[White "Giuliani, Carlo"]
[Black "Radozycki, Tomasz"]
[Result "1-0"]
[WhiteElo "2208"]
[BlackElo "1649"]
[PlyCount "61"]
[EventDate "2011.02.24"]
[EventType "tourn (corr)"]
[EventRounds "6"]
[EventCountry "GER"]
[SourceTitle "Telechess CBM 149"]
[Source "ChessBase"]
[SourceDate "2012.07.17"]
[SourceVersion "1"]
[SourceVersionDate "2012.07.17"]
[SourceQuality "1"]

1. e4 e6 2. d4 d5 3. e5 c5 4. c3 Nc6 5. Nf3 Qb6 6. a3 c4 7. Nbd2 Bd7 8. b3 cxb3 9. Nxb3 Na5 10. Nxa5 Qxa5 11. Bd2 Ba4 12. Qb1 Qb6 13. Qxb6 axb6 14. Rb1 Kd7 15. Ng5 Nh6 16. Bd3 Kc7 17. Nxh7 Bxa3 18. Ng5 Be7 19. Ke2 Bc6 20. Rb2 Ba3 21. Ra2 Ra5 22. Nf3 Be7 23. Rb2 Bd8 24. h4 Ra3 25. g4 Nxg4 26. Rg1 f5 27. exf6 Nxf6 28. Rxg7+ Kc8 29. Ng5 Bd7 30. Nf7 Rxh4 31. Nxd8 1-0

[Event "CP-2010-P-00021"]
[Site "LSS email"]
[Date "2010.09.28"]
[Round "?"]
[White "Kuhne, Detlev"]
[Black "Radozycki, Tomasz"]
[Result "1-0"]
[WhiteElo "2329"]
[BlackElo "1649"]
[PlyCount "127"]
[EventDate "2010.10.01"]
[EventType "tourn (corr)"]
[EventRounds "6"]
[EventCountry "GER"]
[SourceTitle "Telechess CBM 151"]
[Source "ChessBase"]
[SourceDate "2012.11.13"]
[SourceVersion "1"]
[SourceVersionDate "2012.11.13"]
[SourceQuality "1"]

1. e4 e6 2. d4 d5 3. e5 c5 4. c3 Nc6 5. Nf3 Qb6 6. a3 c4 7. Nbd2 Bd7 8. Be2 Na5 9. Rb1 Be7 10. 0-0 Nh6 11. Re1 Nf5 12. Nf1 h6 13. Ne3 Nxe3 14. Bxe3 Qb3 15. Nd2 Qxd1 16. Bxd1 0-0 17. f4 Kh7 18. Bc2+ g6 19. g4 Nc6 20. Rf1 f5 21. exf6 Rxf6 22. Nf3 Rff8 23. h4 Kg7 24. Kh2 Bd6 25. Ne5 Be8 26. Kh3 Rc8 27. Rg1 b6 28. Rbe1 Rc7 29. f5 Nxe5 30. dxe5 Bxe5 31. Bxb6 axb6 32. Rxe5 exf5 33. gxf5 d4 34. cxd4 c3 35. b3 Rd7 36. d5 Bf7 37. Re3 Rxd5 38. fxg6 Be8 39. Re7+ Kf6 40. Rc7 Bd7+ 41. Kg3 Bf5 42. g7 Rg8 43. Rf1 Ke6 44. Rxf5 Rxf5 45. Bxf5+ Kxf5 46. Kf3 h5 47. a4 c2 48. Rxc2 Rxg7 49. Rc6 Rg4 50. Rxb6 Rxh4 51. Rb5+ Kg6 52. a5 Rh3+ 53. Kg2 Rc3 54. Rb6+ Kg5 55. a6 Rc2+ 56. Kf3 Ra2 57. b4 Ra3+ 58. Ke2 Kg4 59. b5 h4 60. Rb7 h3 61. Rh7 h2 62. Rxh2 Ra2+ 63. Kd3 Rxh2 64. a7 1-0

[Event "LSS WC-2014-P-00004"]
[Site "LSS email"]
[Date "2010.02.18"]
[Round "?"]
[White "Oliveira, Diogo Luiz"]
[Black "Radozycki, Tomasz"]
[Result "1-0"]
[WhiteElo "2043"]
[BlackElo "1626"]
[PlyCount "69"]
[EventDate "2010.02.24"]
[EventType "tourn (corr)"]
[EventRounds "6"]
[EventCountry "GER"]
[SourceTitle "Telechess CBM 141"]
[Source "ChessBase"]
[SourceDate "2011.03.17"]
[SourceVersion "1"]
[SourceVersionDate "2011.03.17"]
[SourceQuality "1"]

1. e4 e6 2. d4 d5 3. Nc3 Nf6 4. Bg5 Bb4 5. e5 h6 6. Bd2 Bxc3 7. bxc3 Ne4 8. Qg4 g6 9. Bd3 Bd7 10. Bxe4 dxe4 11. Qxe4 Bc6 12. Qg4 Qd5 13. f3 Ba4 14. Ne2 Bxc2 15. 0-0 Nc6 16. Qh4 Qd8 17. Qe1 Qe7 18. Ng3 Bd3 19. Rf2 0-0-0 20. Ne4 b6 21. a4 Na5 22. Bc1 Bxe4 23. Ba3 Qd7 24. fxe4 Rh7 25. Qf1 Kb7 26. Bb4 Nc6 27. Rb2 Nxb4 28. Rxb4 a6 29. Rab1 a5 30. Rb5 Qc6 31. Rxa5 Ra8 32. d5 Qe8 33. Rxa8 Qxa8 34. Qb5 Kc8 35. d6 1-0

[Event "LSS CP-2009-P-00023"]
[Site "LSS email"]
[Date "2009.09.27"]
[Round "?"]
[White "Ortiz, Manuel"]
[Black "Radozycki, Tomasz"]
[Result "1-0"]
[WhiteElo "2234"]
[BlackElo "1603"]
[PlyCount "65"]
[EventDate "2009.10.01"]
[EventType "tourn (corr)"]
[EventRounds "6"]
[EventCountry "GER"]
[SourceTitle "Telechess CBM 137"]
[Source "ChessBase"]
[SourceDate "2010.07.15"]
[SourceVersion "1"]
[SourceVersionDate "2010.07.15"]
[SourceQuality "1"]

1. e4 e6 2. d4 d5 3. e5 c5 4. c3 Nc6 5. Nf3 Qb6 6. Be2 cxd4 7. cxd4 Nge7 8. Na3 Nf5 9. Nc2 Bb4+ 10. Kf1 Be7 11. h4 h5 12. Bd3 Bd7 13. Rh3 g6 14. Bxf5 exf5 15. Ng5 0-0 16. Rb3 Qa6+ 17. Kg1 Rac8 18. Bf4 Na5 19. Rg3 Nc6 20. e6 fxe6 21. Nxe6 Kf7 22. Nxf8 Rxf8 23. Re3 Bxh4 24. Qf3 Qa5 25. b4 Qb5 26. a4 Qc4 27. Rc3 Nxd4 28. Nxd4 Qxd4 29. Rd1 Qe4 30. Rc7 Qxf3 31. gxf3 Rd8 32. Rxb7 Ke6 33. Re1+ 1-0

[Event "LSS WC-2008-F-00008"]
[Site "LSS email"]
[Date "2008.11.12"]
[Round "?"]
[White "Stadler, Pavel"]
[Black "Radozycki, Tomasz"]
[Result "0-1"]
[WhiteElo "1637"]
[BlackElo "1604"]
[PlyCount "66"]
[EventDate "2008.11.12"]
[EventType "tourn (corr)"]
[EventRounds "6"]
[EventCountry "GER"]
[SourceTitle "Corr 2013"]
[Source "ChessBase"]
[SourceDate "2012.11.12"]
[SourceVersion "1"]
[SourceVersionDate "2012.11.12"]
[SourceQuality "1"]
[WhiteTeam "US of America"]
[BlackTeam "US of America"]
[WhiteTeamCountry "USA"]
[BlackTeamCountry "USA"]

1. d4 f5 2. e4 fxe4 3. Nc3 Nf6 4. Bg5 Nc6 5. d5 Ne5 6. Qe2 d6 7. Bxf6 exf6 8. Qxe4 f5 9. Qe3 Be7 10. f4 Ng4 11. Qd2 0-0 12. 0-0-0 Bh4 13. g3 Bf6 14. Nf3 Bxc3 15. bxc3 Nf6 16. Re1 Ne4 17. Qd4 c5 18. dxc6 bxc6 19. Bd3 d5 20. Ne5 c5 21. Qa4 Rf6 22. Bxe4 fxe4 23. c4 d4 24. Rxe4 Bb7 25. Rhe1 Bxe4 26. Rxe4 Re6 27. Qb5 Qc7 28. Kd2 Re7 29. Kd3 Rb8 30. Qa4 Rb1 31. Re2 Qb7 32. Qa5 Rxe5 33. Rxe5 Qf3+ 0-1

[Event "LSS CP-2008-P-00067"]
[Site "LSS email"]
[Date "2008.10.01"]
[Round "?"]
[White "Radozycki, Tomasz"]
[Black "Mueller Alves, Martin"]
[Result "0-1"]
[WhiteElo "1573"]
[BlackElo "2211"]
[PlyCount "102"]
[EventDate "2008.10.01"]
[EventType "tourn (corr)"]
[EventRounds "6"]
[EventCountry "GER"]
[SourceTitle "Corr 2013"]
[Source "ChessBase"]
[SourceDate "2012.11.12"]
[SourceVersion "1"]
[SourceVersionDate "2012.11.12"]
[SourceQuality "1"]
[WhiteTeam "US of America"]
[BlackTeam "US of America"]
[WhiteTeamCountry "USA"]
[BlackTeamCountry "USA"]

1. e4 c5 2. f4 d5 3. exd5 Nf6 4. Bb5+ Bd7 5. Bxd7+ Qxd7 6. c4 e6 7. Qe2 Bd6 8. d3 0-0 9. dxe6 fxe6 10. Nf3 Nc6 11. 0-0 Rae8 12. Nc3 e5 13. f5 Nd4 14. Qd1 Nxf5 15. Bg5 Nh5 16. Qd2 h6 17. Be3 Nd4 18. Ne4 Nxf3+ 19. Rxf3 Rxf3 20. gxf3 Re6 21. Kh1 b6 22. Rg1 Qf7 23. Qd1 Be7 24. a3 a5 25. Rg4 Qf5 26. b3 Nf4 27. a4 Ng6 28. Bf2 Bd8 29. Ng3 Qf7 30. Ne4 Re7 31. Nc3 Rd7 32. Nd5 Nf4 33. Nxf4 exf4 34. Qe2 Qe7 35. Qd2 Qd6 36. Qe1 g5 37. Qe4 Qxd3 38. Qxf4 Rf7 39. Qe3 Rxf3 40. Qe6+ Kg7 41. Rg3 Qf1+ 42. Bg1 Bc7 43. Rg2 Rf7 44. Qe2 Qf3 45. Qxf3 Rxf3 46. Re2 Kf6 47. Rb2 Rd3 48. Kg2 Kf5 49. Bf2 Be5 50. Rb1 Rd2 51. Rf1 Bd4 0-1

[Event "LSS BI-2008-P-00015"]
[Site "LSS email"]
[Date "2008.04.27"]
[Round "?"]
[White "Radozycki, Tomasz"]
[Black "Albesa, Alfredo Ricardo"]
[Result "1-0"]
[WhiteElo "1542"]
[BlackElo "940"]
[PlyCount "37"]
[EventDate "2008.04.27"]
[EventType "tourn (corr)"]
[EventRounds "10"]
[EventCountry "GER"]
[SourceTitle "Corr 2011"]
[Source "ChessBase"]
[SourceDate "2010.08.31"]
[SourceVersion "1"]
[SourceVersionDate "2010.08.31"]
[SourceQuality "1"]

1. e4 c5 2. f4 g6 3. Nf3 Bg7 4. c3 Nc6 5. d4 d5 6. e5 cxd4 7. cxd4 Bg4 8. Bb5 Nh6 9. Be3 Nf5 10. Bf2 0-0 11. Bxc6 bxc6 12. h3 Bxf3 13. Qxf3 Qb6 14. Qc3 e6 15. 0-0 Rfc8 16. g4 Ne7 17. Nd2 Rab8 18. Nb3 Qb4 19. Qe3 1-0

[Event "LSS SD-2008-0-00007"]
[Site "LSS email"]
[Date "2008.04.22"]
[Round "?"]
[White "Kis Kos, Laszlo"]
[Black "Radozycki, Tomasz"]
[Result "1-0"]
[WhiteElo "1575"]
[BlackElo "1542"]
[PlyCount "83"]
[EventDate "2008.04.09"]
[EventType "tourn (corr)"]
[EventRounds "6"]
[EventCountry "GER"]
[SourceTitle "Corr 2013"]
[Source "ChessBase"]
[SourceDate "2012.11.12"]
[SourceVersion "1"]
[SourceVersionDate "2012.11.12"]
[SourceQuality "1"]
[WhiteTeam "US of America"]
[BlackTeam "US of America"]
[WhiteTeamCountry "USA"]
[BlackTeamCountry "USA"]

1. e4 e6 2. d4 d5 3. Nc3 Nf6 4. Bg5 Bb4 5. e5 h6 6. Bd2 Bxc3 7. bxc3 Ne4 8. Qg4 Kf8 9. Bd3 Nxd2 10. Kxd2 c5 11. h4 Qa5 12. Nf3 c4 13. Be2 Bd7 14. Qf4 Nc6 15. a4 Nd8 16. Rhb1 Bxa4 17. Ra3 b5 18. Ke1 Qc7 19. Kf1 a5 20. Kg1 Nc6 21. Nd2 Ne7 22. Bh5 Nf5 23. Bg4 g5 24. hxg5 Qe7 25. Bxf5 hxg5 26. Qf3 Qxa3 27. Bxe6 Qe7 28. Bxd5 Ra6 29. Qf5 Rah6 30. g3 R8h7 31. Nf1 Rh8 32. Ne3 Rh5 33. Qc8+ Qe8 34. Qc7 Qe7 35. Qxa5 Qd7 36. Bf3 R5h6 37. Be4 Re6 38. Re1 Re8 39. Nf5 Kg8 40. Qb6 Qd8 41. Qc6 Re6 42. Nd6 1-0

[Event "LSS SD-2008-0-00007"]
[Site "LSS email"]
[Date "2008.04.22"]
[Round "?"]
[White "Radozycki, Tomasz"]
[Black "Puleston, Tim O"]
[Result "1-0"]
[WhiteElo "1542"]
[BlackElo "1540"]
[PlyCount "59"]
[EventDate "2008.04.09"]
[EventType "tourn (corr)"]
[EventRounds "6"]
[EventCountry "GER"]
[SourceTitle "Corr 2011"]
[Source "ChessBase"]
[SourceDate "2010.08.31"]
[SourceVersion "1"]
[SourceVersionDate "2010.08.31"]
[SourceQuality "1"]

1. e4 e5 2. Nf3 Nc6 3. Bc4 Nf6 4. Ng5 d5 5. exd5 Nd4 6. c3 b5 7. Bf1 Nxd5 8. cxd4 Qxg5 9. Bxb5+ Kd8 10. 0-0 Bb7 11. Qf3 Rb8 12. Nc3 exd4 13. Ne4 Qf4 14. Qe2 Be7 15. d3 Qe5 16. Re1 f5 17. Ng5 Qxe2 18. Rxe2 Kc8 19. Ne6 Bf6 20. Bd2 Ba8 21. a4 c6 22. Rc1 Kd7 23. Nc5+ Kc7 24. Ba5+ Nb6 25. Na6+ Kd7 26. Nxb8+ Rxb8 27. Bxb6 axb6 28. Bc4 c5 29. Be6+ Kd6 30. Bxf5 1-0

[Event "LSS CP-2007-P-00008"]
[Site "LSS email"]
[Date "2007.10.01"]
[Round "?"]
[White "Radozycki, Tomasz"]
[Black "Croke, Pat"]
[Result "1-0"]
[WhiteElo "1537"]
[BlackElo "799"]
[PlyCount "125"]
[EventDate "2007.10.01"]
[EventType "tourn (corr)"]
[EventRounds "6"]
[EventCountry "GER"]
[SourceTitle "Corr 2024"]
[Source "ChessBase"]
[SourceDate "2023.10.19"]
[SourceVersion "1"]
[SourceVersionDate "2023.10.19"]
[SourceQuality "1"]

1. e4 e5 2. Nf3 Nc6 3. Bc4 Bc5 4. b4 Bxb4 5. c3 Be7 6. d4 Na5 7. Be2 d6 8. Qa4+ c6 9. dxe5 b5 10. Qc2 Nc4 11. Bxc4 bxc4 12. exd6 Qxd6 13. 0-0 Nh6 14. Rd1 Qg6 15. Bf4 Bh3 16. Bg3 Be6 17. Ne5 Qh5 18. Nxc6 Bh4 19. Nd2 Bxg3 20. hxg3 Ng4 21. Nf3 0-0 22. Qd2 Qc5 23. Ncd4 Rfe8 24. Qg5 Qxg5 25. Nxg5 Bd7 26. f3 Ne3 27. Re1 Nxg2 28. Kxg2 Rab8 29. Rab1 a5 30. Rxb8 Rxb8 31. e5 Rb2+ 32. Re2 Rb6 33. e6 fxe6 34. Ngxe6 Bxe6 35. Rxe6 Rb2+ 36. Re2 Rb1 37. Kf2 Rc1 38. Rc2 Rh1 39. Ke3 h5 40. Nc6 a4 41. Na5 g5 42. Nxc4 h4 43. gxh4 gxh4 44. Ne5 Re1+ 45. Kf4 Rg1 46. Ng4 h3 47. c4 Rg2 48. Rf2 Rg1 49. Ne3 Kg7 50. Rh2 Ra1 51. Kg3 Re1 52. Nc2 Rb1 53. Kxh3 Rg1 54. Rg2+ Rxg2 55. Kxg2 Kf6 56. Kg3 Ke6 57. Kf4 Kd6 58. Ke4 Kc5 59. Kd3 Kb6 60. Kd4 Ka5 61. f4 a3 62. f5 Ka4 63. f6 1-0

[Event "LSS CP-2007-P-00008"]
[Site "LSS email"]
[Date "2007.10.01"]
[Round "?"]
[White "Stuart, Keith"]
[Black "Radozycki, Tomasz"]
[Result "1/2-1/2"]
[WhiteElo "1231"]
[BlackElo "1537"]
[PlyCount "73"]
[EventDate "2007.10.01"]
[EventType "tourn (corr)"]
[EventRounds "6"]
[EventCountry "GER"]
[SourceTitle "Corr 2011"]
[Source "ChessBase"]
[SourceDate "2010.08.31"]
[SourceVersion "1"]
[SourceVersionDate "2010.08.31"]
[SourceQuality "1"]

1. e4 e6 2. d4 d5 3. e5 c5 4. c3 Nc6 5. Nf3 Qb6 6. Bd3 cxd4 7. cxd4 Bd7 8. Bc2 Bb4+ 9. Nc3 Bxc3+ 10. bxc3 Nge7 11. 0-0 Na5 12. Ba3 Nc4 13. Bxe7 Kxe7 14. Rb1 Qc7 15. Bd3 Rab8 16. Qb3 Rhc8 17. Qb4+ Ke8 18. Bxh7 g6 19. Rfd1 a5 20. Qb3 Kf8 21. Rd3 Qd8 22. h4 Qe8 23. Qd1 Na3 24. Rc1 Bb5 25. Re3 Nc4 26. Re1 Nb2 27. Qd2 Nd3 28. Qh6+ Ke7 29. Red1 Nxc1 30. Qxc1 Be2 31. Qa3+ Kd8 32. Rb1 Bxf3 33. Qd6+ Qd7 34. Qf8+ Qe8 35. Qd6+ Qd7 36. Qf8+ Qe8 37. Qd6+ 1/2-1/2

[Event "IECG WC.2010.P.00008"]
[Site "IECG email"]
[Date "2006.06.05"]
[Round "?"]
[White "Prieto, Carlos"]
[Black "Radozycki, Tomasz"]
[Result "1-0"]
[WhiteElo "1848"]
[BlackElo "1470"]
[PlyCount "97"]
[EventDate "2006.06.05"]
[EventType "tourn (corr)"]
[EventRounds "6"]
[SourceTitle "Corr 2008"]
[Source "ChessBase"]
[SourceDate "2008.06.24"]
[SourceVersion "1"]
[SourceVersionDate "2008.06.24"]
[SourceQuality "1"]

1. e4 e6 2. d4 d5 3. Nd2 Nf6 4. Bd3 c5 5. e5 Nfd7 6. c3 Nc6 7. Ngf3 Qb6 8. 0-0 cxd4 9. cxd4 Nxd4 10. Nxd4 Qxd4 11. Nf3 Qb6 12. Qa4 Qb4 13. Qc2 Qc5 14. Qe2 Be7 15. Be3 Qc7 16. Rac1 Qb8 17. Qc2 h6 18. Rfd1 a6 19. Qd2 b5 20. Qc3 Bb7 21. Qd4 0-0 22. Rd2 Rc8 23. Rxc8+ Qxc8 24. Rc2 Qb8 25. Qf4 Bd8 26. Qg3 Kf8 27. b3 Bc7 28. Bd4 Qd8 29. Qf4 Rc8 30. a4 bxa4 31. bxa4 Ba5 32. Rb2 Rc7 33. g4 Qe7 34. g5 hxg5 35. Nxg5 Ke8 36. h4 Nc5 37. Bc2 g6 38. Kg2 Nd7 39. Bd1 Bc6 40. h5 Bc3 41. h6 Bxd4 42. Rb8+ Nxb8 43. h7 Bc5 44. h8Q+ Qf8 45. Qh7 d4+ 46. Kg3 Bd5 47. Bf3 Ba3 48. Bxd5 exd5 49. Qf6 1-0

[Event "IECG WC.2010.P.00008"]
[Site "IECG email"]
[Date "2006.06.05"]
[Round "?"]
[White "Shishkin, Victor A"]
[Black "Radozycki, Tomasz"]
[Result "1-0"]
[WhiteElo "2164"]
[BlackElo "1470"]
[PlyCount "91"]
[EventDate "2006.06.05"]
[EventType "tourn (corr)"]
[EventRounds "6"]
[SourceTitle "Corr 2008"]
[Source "ChessBase"]
[SourceDate "2008.06.24"]
[SourceVersion "1"]
[SourceVersionDate "2008.06.24"]
[SourceQuality "1"]

1. d4 Nf6 2. c4 e5 3. dxe5 Ng4 4. Bf4 Nc6 5. Nf3 Bb4+ 6. Nbd2 Qe7 7. e3 Ngxe5 8. Nxe5 Nxe5 9. Be2 0-0 10. 0-0 Ng6 11. Bg3 Bd6 12. Bxd6 Qxd6 13. Ne4 Qe5 14. Nc3 d6 15. Qd4 Qxd4 16. exd4 Nf4 17. Bf3 Be6 18. b3 c6 19. g3 Nh3+ 20. Kh1 Bf5 21. d5 c5 22. Be4 Bg4 23. Bg2 h5 24. f3 Bf5 25. Rae1 a6 26. g4 hxg4 27. fxg4 Bxg4 28. Re3 Ng5 29. Rg3 f5 30. h3 Nxh3 31. Bxh3 Bxh3 32. Rxh3 Rae8 33. Kg2 b6 34. Rg1 Kf7 35. Rg3 g6 36. Kf3 Rg8 37. a4 Re7 38. Ne2 Rge8 39. Nf4 Re3+ 40. Kf2 Rxg3 41. Rxg3 Rg8 42. Ne6 a5 43. Rh3 Kf6 44. Nc7 f4 45. Kf3 Kf5 46. Ne6 1-0

[Event "IECG WC.2010.P.00008"]
[Site "IECG email"]
[Date "2006.06.05"]
[Round "?"]
[White "Starace, Umberto"]
[Black "Radozycki, Tomasz"]
[Result "1/2-1/2"]
[WhiteElo "1961"]
[BlackElo "1470"]
[PlyCount "127"]
[EventDate "2006.06.05"]
[EventType "tourn (corr)"]
[EventRounds "6"]
[SourceTitle "Corr 2008"]
[Source "ChessBase"]
[SourceDate "2008.06.24"]
[SourceVersion "1"]
[SourceVersionDate "2008.06.24"]
[SourceQuality "1"]

1. e4 e6 2. d4 d5 3. Nd2 Nf6 4. e5 Nfd7 5. Bd3 c5 6. c3 Nc6 7. Ne2 Qb6 8. Nf3 cxd4 9. cxd4 f6 10. exf6 Nxf6 11. 0-0 Bd6 12. Bf4 Bxf4 13. Nxf4 0-0 14. Qd2 Kh8 15. Ne2 Nb4 16. Rfe1 Bd7 17. Nf4 Nxd3 18. Nxd3 Ne4 19. Qe3 Rac8 20. Rac1 Rxc1 21. Rxc1 Be8 22. b3 Qd6 23. Nfe5 Qe7 24. Nc5 Nxf2 25. Rf1 Ne4 26. Rxf8+ Qxf8 27. Nxe4 dxe4 28. Qxe4 Qa3 29. Qxb7 Qxa2 30. Nf3 Qb1+ 31. Kf2 Qc2+ 32. Kg3 Qg6+ 33. Kf4 Qh6+ 34. Ke4 Bg6+ 35. Ke5 Qe3+ 36. Kd6 h6 37. Qc8+ Kh7 38. Qxe6 Qf4+ 39. Kc5 Bf7 40. Qd7 Bxb3 41. Qxa7 Qf8+ 42. Kb5 Bd5 43. Qd7 Bf7 44. Qf5+ Kh8 45. Qc5 Qb8+ 46. Qb6 Qa8 47. Ne5 Qd5+ 48. Qc5 Qb7+ 49. Ka5 Qa8+ 50. Kb6 Bd5 51. g4 Qb7+ 52. Ka5 Qa8+ 53. Kb5 Be4 54. h4 Qb8+ 55. Kc4 Qa8 56. h5 Qa4+ 57. Qb4 Qa2+ 58. Kb5 Qd5+ 59. Qc5 Qb7+ 60. Qb6 Qd5+ 61. Kb4 Kh7 62. Qa7 Qd6+ 63. Kc3 Qf6 64. Qd7 1/2-1/2

[Event "IECG CD.2005.0.00090 email"]
[Site "IECG email"]
[Date "2005.01.16"]
[Round "1"]
[White "Radozycki, Tomasz"]
[Black "Huber, Martin"]
[Result "0-1"]
[WhiteElo "1421"]
[BlackElo "1578"]
[PlyCount "166"]
[EventDate "2005.01.16"]
[EventType "tourn (corr)"]
[EventRounds "6"]
[SourceTitle "Corr 2024"]
[Source "ChessBase"]
[SourceDate "2023.10.19"]
[SourceVersion "1"]
[SourceVersionDate "2023.10.19"]
[SourceQuality "1"]

1. e4 c5 2. Nf3 Nc6 3. d4 cxd4 4. Nxd4 Nf6 5. Nc3 e5 6. Ndb5 d6 7. Bg5 a6 8. Bxf6 gxf6 9. Na3 b5 10. Nd5 Bg7 11. Bd3 Be6 12. 0-0 f5 13. c4 bxc4 14. Nxc4 0-0 15. Nde3 f4 16. Nd5 Nd4 17. f3 f5 18. Rc1 fxe4 19. Bxe4 Rb8 20. a4 Kh8 21. Qe1 Bf6 22. Kh1 Bh4 23. Qa5 Qg5 24. Qc7 Qh5 25. Qxd6 Rbd8 26. Qxe5+ Qxe5 27. Nxe5 Bxd5 28. Rc7 Bg8 29. b4 Bf6 30. Nd3 Bg7 31. Re1 Rf6 32. Rec1 Rfd6 33. Rc8 Rxc8 34. Rxc8 Ne2 35. Bf5 Nc3 36. h4 Ne2 37. Kh2 Rh6 38. Nf2 Nc3 39. Bd3 Nd5 40. Nh3 Rf6 41. b5 axb5 42. Bxb5 Rf8 43. Rxf8 Bxf8 44. a5 Bd6 45. Bc4 Nb4 46. Bb5 Bd5 47. Ng5 Kg7 48. Kh3 Bb7 49. Bc4 h6 50. Ne6+ Kf6 51. Nd4 Bc8+ 52. Kh2 Bc7 53. Nb3 Kg6 54. Bb5 Kh5 55. Kh1 Kxh4 56. Kh2 Kg5 57. Kh1 Bf5 58. a6 Bb6 59. Nd2 Bc8 60. Kh2 Bxa6 61. Bxa6 Nxa6 62. Kh3 Kh5 63. g3 Nc5 64. gxf4 Nd3 65. f5 Kg5 66. f6 Kxf6 67. Ne4+ Kg6 68. Nc3 Nf4+ 69. Kg3 Bc7 70. Ne4 h5 71. Nd2 Nd3+ 72. Kg2 h4 73. Kh3 Kh5 74. Ne4 Nf4+ 75. Kh2 Be5 76. Nf2 Nd3+ 77. Kg2 Ne1+ 78. Kh1 Nxf3 79. Kg2 Nd2 80. Kh3 Bg3 81. Nd1 Nf3 82. Kg2 Ng5 83. Ne3 Bf4 0-1